Movie Anagrams. - Statistics

General Stats
  • This quiz has been taken 518 times
  • The average score is 11 of 15
Answer Stats
Hint Answer % Correct
lef elf
99%
tilitwgh twilight
97%
a ubgs feil a bugs life
95%
amesj nobd james bond
94%
ioln gikn lion king
94%
olrd fo hte grnis lord of the rings
91%
rskeh shrek
87%
manhu ctneidepe human centipede
85%
hyrar tetrop harry potter
81%
acnhronam anchorman
78%
nambta batman
74%
het nhagvore the hangover
66%
psiedranm spiderman
51%
tofolsoeo footloose
35%
septrobresht stepbrothers
21%
No matching quizzes found
Score Distribution
Percent of People with Each Score
Percentile by Number Answered
Your Score History
You have not taken this quiz